000
00308nam a22001457a 4500
003
SGT
020
_a
978-93-530-6559-1
082
_a
151
_b
A19B
100
_a
BUTCHER, JAMES N.
245
_a
ABNORMAL PSYCHOLOGY
250
_a
17TH
260
_a
INDIA
_b
PEARSON
_c
2019
300
_a
883
942
_2
ddc
_c
BK
_0
67
999
_c
18151
_d
18151